Philosphes du XXe siècle par image - Statistiques

Statistiques générales
  • Ce quiz a été pris 317 fois
    295 depuis la dernière actualisation
  • Le résultat moyen est 9 sur 28
Statistiques - réponses
Par images Réponse % Correct
Jean-Paul Sartre
94%
Sigmund Freud
89%
Simone de Beauvoir
86%
Hannah Arendt
69%
Simone Weil
68%
Michel Foucault
64%
Henri Bergson
56%
Martin Heidegger
45%
Gilles Deleuze
38%
Judith Butler
34%
Ludwig Wittgenstein
32%
Alain/Émile Chartier
30%
Edmund Husserl
29%
Jacques Derrida
27%
Bertrand Russel
23%
Maurice Merleau-Ponty
22%
Emmanuel Levinas
19%
Karl Popper
16%
Vladimir Jankelevitch
14%
Louis Althusser
13%
Paul Ricoeur
12%
Jürgen Habermas
8%
Monique Wittig
7%
Thomas Kuhn
6%
Jeanne Hersch
4%
Theodor Adorno
4%
Giovanni Gentile
0%
Roger-Pol Droit
0%
Aucun quiz correspondant
Distribution des résultats
% des personnes avec chaque résultat
Percentile par nombre de réponses
Votre historique - résultats
Vous n’avez pas pris ce quiz depuis la dernière actualisation